| 000 | 00449nam a2200169Ia 4500 | ||
|---|---|---|---|
| 008 | 230711s9999||||xx |||||||||||||| ||und|| | ||
| 041 | _aENG | ||
| 082 |
_a620 _bHA-M |
||
| 100 | _aHall,Allen Strickland | ||
| 245 | 0 | _aTheory and problems of machine design | |
| 250 | _a1st Ed. | ||
| 260 |
_c1992 _aNew Delhi _bTata McGraw Hill Education Limited |
||
| 300 | _a344 | ||
| 650 | _aMechanical Engineering | ||
| 700 | _aHolowenko,Alfred R | ||
| 942 | _cBK | ||
| 999 |
_c2318 _d2318 |
||